Katalytická transformácia polyalkoholov na glykoly dizertačná práca

Na minha lista:
Detalhes bibliográficos
Autor principal: Soták, Tomáš
Formato: Livro
Idioma:eslovaco
Publicado em: Bratislava STU FCHPT 2013
Acesso em linha:View in OPAC
Tags: Adicionar Tag
Sem tags, seja o primeiro a adicionar uma tag!

MARC

LEADER 00000nam a2200000 a 4500
005 20260127134258.0
008 150225 2013 000 0 slo d
035 |a vtls010656973 
039 9 |y 201502250929  |z mschk03 
040 |a STUSCHK1  |b slo  |c STUSCHK1  |e AACR2 
100 1 |a Soták, Tomáš 
245 1 |a Katalytická transformácia polyalkoholov na glykoly  |b dizertačná práca  |c Tomáš Soták 
260 |a Bratislava  |b STU FCHPT  |c 2013 
300 |a 192 s.  |b il.  |c 30 cm 
500 |a Študijný program a odbor: organická technológia a technológia palív 
500 |a Školiace pracovisko: Odd. organickej technológie 
910 |a SCHK95 
999 |c 8595  |d 8595